Представление документа в формате MARC21

Поле Инд. ПП Название Значение
Тип записи a
Библиографический уровень m
001 Контрольный номер 668fc5fe97d545b39470b3817377f13a
005 Дата корректировки 20260601115751.6
020 a ISBN 978-5-534-16598-2
040 b Код языка каталог. rus
e Правила каталог. PSBO
041 0_ a Код языка текста rus
080 a Индекс УДК 336.145.2(075.32)
097 b Оператор *Ст*
097 b Оператор *Ир*
100 1_ a Автор Федорова И.Ю.
245 10 a Заглавие Финансовый механизм государственных и муниципальных закупок
b Продолж. заглавия учебник для среднего профессионального образования
b Продолж. заглавия в составе учебно-методического комплекса
250 a Основные сведения об издании 2-е изд., перераб. и доп.
260 a Место издания Москва
b Издательство Юрайт
c Дата издания 2026
300 a Объем 235 с.
b Иллюстрации/ тип воспроизводства табл.
440 _0 a Серия Профессиональное образование
440 _0 a Серия УМК-У
516 8_ a Прим. о типе комп. файла/ данных Текст : электронный
a Прим. о типе комп. файла/ данных Режим доступа: по подписке
a Прим. о типе комп. файла/ данных Дата обращения: 02.03.2026
520 0_ a Аннотация В издании рассматривается процесс формирования и развития финансового механизма государственных (муниципальных) закупок в условиях действующей контрактной системы в Российской Федерации, исследуется зарубежный опыт организации общественных закупок и оценивается эффективность финансового механизма в системе государственного (муниципального) заказа. Освещается деятельность хозяйствующих субъектов — участников закупочного процесса и принятых ими обязательств на основе действующих федеральных законов № 44-ФЗ и № 223-ФЗ. Показана динамика закупочного процесса и его особенности при использовании наиболее распространенных конкурентных способов закупок в условиях практически полной информатизации закупочного процесса. Анализируются причины неэффективного расходования бюджетных средств, предлагаются пути их устранения. Дается оценка результативности и эффективности финансового механизма электронных закупок в условиях нарастания внутренней экономической напряженности под воздействием внешнеполитических и внешнеэкономических факторов. При подготовке пособия использовалась справочная правовая система «КонсультантПлюс». Соответствует актуальным требованиям федерального государственного образовательного стандарта среднего профессионального образования и профессиональным требованиям. Издание предназначено для студентов колледжей, обучающихся по экономическим специальностям.
535 1_ a Хранилище Образовательная платформа Юрайт
583 a Действие Приписка : УМК
653 0_ a Ключевые слова СПО
653 0_ a Ключевые слова Государственные закупки
653 0_ a Ключевые слова Муниципальные закупки
655 07 a Жанр/ форма (устаревшее) У
700 12 a Другие авторы Фрыгин А.В.
773 18 w Контрольный № источника 26b64614e0f544fbb25626e1b23bbc6c
856 40 u URL https://urait.ru/bcode/587212
901 t Тип документа m
905 b Дата создания записи обработка 10.03.26
c Дата приписки 01.06.26
952 a Тип литературы для КСУ ВШ *У1*
952 e Факультет *ФУСК*
952 b Гриф литературы для ВШ Гриф УМО СПО
990 g Размещение заказа (DOS) Образовательная платформа Юрайт
990 f Даты поступлений (DOS) 10.03.26
j Количество экземпляров (DOS) 1
990 c Приоритет заказа (DOS) *д*
h N записи в КСУ для Б/У (DOS) 1000/2026
j Количество экземпляров (DOS) 1